More Films by Beginning Title Cards Quiz Stats

 Plays Quiz Updated Sep 6, 2015

Challenge
Share
Tweet
Embed
Score 0/20 Timer 08:00
1 Play Today
% Correct
The Godfather: Part II
93.2%
The Hunger Games
92.9%
Elizabeth
92.2%
The Raven
90.1%
King Arthur
85.1%
Master and Commander: The Far Side of the World
84.9%
Robin Hood
84%
Exodus: Gods and Kings
83.2%
U-571
82.9%
Cinderella Man
82.8%
% Correct
Gladiator
82%
Valkyrie
80.7%
Tropic Thunder
80.5%
Elysium
79%
Pompeii
72.7%
Black Hawk Down
72.7%
Kingdom of Heaven
69.7%
Fury
65.7%
The Man in the Iron Mask
64.9%
Hellboy
51.2%

You're not logged in!

Compare scores with friends on all Sporcle quizzes.
OR
Log In

You Might Also Like...

Show Comments

Extras

Top Quizzes Today


Score Distribution

Your Account Isn't Verified!

In order to create a playlist on Sporcle, you need to verify the email address you used during registration. Go to your Sporcle Settings to finish the process.

Report this User

Report this user for behavior that violates our Community Guidelines.

Details: